A light in the attic / (Record no. 1488)

MARC details
000 -LEADER
fixed length control field 00785pam a2200265 a 4500
005 - DATE AND TIME OF LATEST TRANSACTION
control field 20241217095746.0
020 ## - INTERNATIONAL STANDARD BOOK NUMBER
International Standard Book Number 0060256737
020 ## - INTERNATIONAL STANDARD BOOK NUMBER
International Standard Book Number 0060256745 (lib. bdg.) :
Terms of availability $10.89
040 ## - CATALOGING SOURCE
Original cataloging agency DLC
Transcribing agency DLC
Modifying agency DLC
-- FISKH
Language of cataloging eng
050 00 - LIBRARY OF CONGRESS CALL NUMBER
Classification number PS3569.I47224
Item number L5 1981
082 00 - DEWEY DECIMAL CLASSIFICATION NUMBER
Classification number 811/.54
Edition number 19
100 1# - MAIN ENTRY--PERSONAL NAME
Personal name Silverstein, Shel.
245 12 - TITLE STATEMENT
Title A light in the attic /
Statement of responsibility, etc. Shel Silverstein.
260 ## - PUBLICATION, DISTRIBUTION, ETC.
Place of publication, distribution, etc. New York :
Name of publisher, distributor, etc. Harper & Row,
Date of publication, distribution, etc. 1981.
300 ## - PHYSICAL DESCRIPTION
Extent 167 pages :
Other physical details illustrations ;
Dimensions 23 cm
500 ## - GENERAL NOTE
General note Includes index.
520 ## - SUMMARY, ETC.
Summary, etc. A collection of humorous poems and drawings.
521 ## - TARGET AUDIENCE NOTE
Target audience note NP
650 #0 - SUBJECT ADDED ENTRY--TOPICAL TERM
Topical term or geographic name entry element Children's poetry, American.
650 #1 - SUBJECT ADDED ENTRY--TOPICAL TERM
Topical term or geographic name entry element Humorous poetry.
650 #1 - SUBJECT ADDED ENTRY--TOPICAL TERM
Topical term or geographic name entry element American poetry.
906 ## - LOCAL DATA ELEMENT F, LDF (RLIN)
a 7
b cbc
c orignew
d 1
e ocip
f 19
g y-gencatlg
942 ## - ADDED ENTRY ELEMENTS (KOHA)
Source of classification or shelving scheme Dewey Decimal Classification
Koha item type Books
Suppress in OPAC No
999 ## -
-- 1488
-- 1488
Holdings
Withdrawn status Lost status Source of classification or shelving scheme Damaged status Not for loan Collection Home library Current library Shelving location Date acquired Total Checkouts Full call number Barcode Date last seen Copy number Price effective from Koha item type
    Dewey Decimal Classification     Non-Fiction Footprints International School Library Network Toul Kork Campus Footprints International School Library Network Toul Kork Campus A TK Campus, 4th Floor, Room B401, Non-Fiction Bookcases(7-8) 08/28/2023   SIL 811.54 PS3569.I47224 FISTK00002 08/28/2023 1 08/28/2023 Books
    Dewey Decimal Classification     Non-Fiction Footprints International School Library Network Toul Kork Campus Footprints International School Library Network Toul Kork Campus TTP Secondary Non-Fiction Bookshelves 12/17/2024   SIL 811.54 PS3569.I47224 2024-2460 12/17/2024 2 12/17/2024 Books